[Event "FIDE World Bl Team Final"]
[Site "London ENG"]
[Date "2025.06.15"]
[Round "2.2"]
[White "Eljanov, Pavel"]
[Black "Kasimdzhanov, Rustam"]
[Result "1-0"]
[WhiteTitle "GM"]
[BlackTitle "GM"]
[WhiteElo "2669"]
[BlackElo "2675"]
[WhiteTeam "A2 Ashdod Elit Chess Club"]
[BlackTeam "C1 Uzbekistan"]
[WhiteFideId "14102951"]
[BlackFideId "14200244"]
[EventDate "2025.06.15"]
[EventType "team-k.o. (blitz)"]

1. d4 d5 2. Nf3 c5 3. e3 Nf6 4. Be2 e6 5. O-O Nc6 6. a3 a6 7. dxc5 Bxc5 8. b4
Be7 9. Bb2 O-O 10. Nbd2 b5 11. Bd3 Bb7 12. Qe2 Qc7 13. e4 Rad8 14. e5 Nd7 15.
Nb3 Nb6 16. Nbd4 Na4 17. Nxc6 Qxc6 18. Bd4 Nc3 19. Qe3 Ne4 20. Nd2 Rc8 21. Nb3
Bg5 22. Qe2 Qc7 23. f3 Nc3 24. Qe1 Na4 25. f4 Be7 26. f5 exf5 27. Bxf5 Rce8 28.
Qg3 Bc8 29. Bd3 Be6 30. Rae1 Rc8 31. h4 Qd8 32. Rf4 Kh8 33. Ref1 Nc3 34. Nc5
Bxc5 35. Bxc5 Rxc5 36. bxc5 Qe7 37. Qe3 Na4 38. c6 Rc8 39. Bf5 Rc7 40. Qf3 Kg8
41. h5 h6 42. Qg4 Rxc6 43. Bxe6 Qxe6 44. Qxe6 Rxe6 45. Rxf7 Rxe5 46. g4 Nc5 47.
Rf8+ Kh7 48. R1f5 Re4 49. Rxd5 Rxg4+ 50. Kf1 Ne6 51. Rb8 Ra4 52. Re5 Nf4 53. Rf8
Rc4 54. c3 Ra4 55. Kg1 Rc4 56. Kh2 Nd3 1-0

[Event "FIDE World Bl Team Final"]
[Site "London ENG"]
[Date "2025.06.15"]
[Round "2.2"]
[White "Khamdamova, Afruza"]
[Black "Osmak, Yuliia"]
[Result "1-0"]
[WhiteTitle "WIM"]
[BlackTitle "IM"]
[WhiteElo "2326"]
[BlackElo "2468"]
[WhiteTeam "C1 Uzbekistan"]
[BlackTeam "A2 Ashdod Elit Chess Club"]
[WhiteFideId "14210444"]
[BlackFideId "14101602"]
[EventDate "2025.06.15"]
[EventType "team-k.o. (blitz)"]

1. e4 e6 2. d4 d5 3. Nc3 Nf6 4. e5 Nfd7 5. Nce2 c5 6. c3 Nc6 7. Nf3 Be7 8. g3 b5
9. Bg2 b4 10. O-O a5 11. Re1 Ba6 12. Nf4 g6 13. Be3 Qb6 14. Rc1 h5 15. h4 bxc3
16. bxc3 Bc4 17. Rb1 Qc7 18. Nd2 Nb6 19. dxc5 Nd7 20. Nxc4 dxc4 21. Qa4 Rc8 22.
Qxc4 Ndxe5 23. Qe4 O-O 24. Bd4 Bf6 25. Rbd1 Bg7 26. Nd3 Ng4 27. Bxg7 Kxg7 28.
Qc4 Rfd8 29. Bxc6 Qxc6 30. Qf4 Rd5 31. c4 Rf5 32. Qd4+ Kh7 33. Qe4 Qc7 34. Kg2
Rd8 35. f4 Rb8 36. Rb1 Rd8 37. Rb7 Qc8 38. c6 Nf6 39. Qf3 Rxd3 40. Qxd3 Qxc6+
41. Qf3 Qxc4 42. Rxf7+ Kh6 43. Re7 Ng4 44. R7xe6 Rd5 45. R6e2 Rd3 46. Qa8 Qc3
47. Qf8+ Qg7 48. Qxg7+ Kxg7 49. Re7+ Kh6 50. R1e2 Ra3 51. Ra7 a4 52. Kh3 Rf3 53.
Ree7 Nf6 54. Rf7 1-0

[Event "FIDE World Bl Team Final"]
[Site "London ENG"]
[Date "2025.06.15"]
[Round "2.2"]
[White "Sailaubay, Aldiyar"]
[Black "Imomkuzieva, Nilufarkhon"]
[Result "0-1"]
[BlackTitle "WFM"]
[WhiteElo "1910"]
[BlackElo "2066"]
[WhiteTeam "A2 Ashdod Elit Chess Club"]
[BlackTeam "C1 Uzbekistan"]
[WhiteFideId "13729357"]
[BlackFideId "14216736"]
[EventDate "2025.06.15"]
[EventType "team-k.o. (blitz)"]

1. e4 e5 2. Nc3 Nc6 3. g3 g6 4. Bg2 Bg7 5. Nge2 Nge7 6. O-O O-O 7. d3 d6 8. h3
Be6 9. Nd5 Bxd5 10. exd5 Nb8 11. c4 Nd7 12. Be3 f5 13. d4 h6 14. Rc1 Kh7 15. Qd2
Nf6 16. dxe5 dxe5 17. f4 Ne4 18. Bxe4 fxe4 19. fxe5 Bxe5 20. Bxh6 Rxf1+ 21. Rxf1
Nf5 22. Bf4 Qd6 23. b4 e3 24. Qd3 Bxf4 25. gxf4 Qxb4 26. Qe4 Qb2 27. Qf3 Re8 28.
a4 Qc2 29. c5 Qxc5 30. Rc1 Qb6 31. Qg4 Re7 32. Kg2 Qb2 33. Rc4 a6 34. d6 Nxd6
35. Rd4 Nf5 36. Rd8 Kg7 37. Kf3 Qc2 38. Kg2 Qc6+ 39. Kf1 Qh1+ 40. Ng1 e2+ 41.
Ke1 Ne3 42. Qg5 Ng2+ 0-1

[Event "FIDE World Bl Team Final"]
[Site "London ENG"]
[Date "2025.06.15"]
[Round "3.1"]
[White "Nepomniachtchi, Ian"]
[Black "Aronian, Levon"]
[Result "1-0"]
[WhiteTitle "GM"]
[BlackTitle "GM"]
[WhiteElo "2757"]
[BlackElo "2742"]
[WhiteTeam "A1 WR Chess Team"]
[BlackTeam "B2 Hexamind Chess Team"]
[WhiteFideId "4168119"]
[BlackFideId "13300474"]
[EventDate "2025.06.15"]
[EventType "team-k.o. (blitz)"]

1. c4 e6 2. Nc3 d5 3. d4 Nf6 4. cxd5 exd5 5. Bg5 Bb4 6. e3 h6 7. Bh4 g5 8. Bg3
h5 9. h4 Ne4 10. Ne2 Nxg3 11. Nxg3 gxh4 12. Nxh5 Qg5 13. Qa4+ Nc6 14. Nf4 Bd7
15. O-O-O Bxc3 16. bxc3 O-O-O 17. Kb2 Kb8 18. Qb3 Bc8 19. Ka1 b6 20. Rb1 Bb7 21.
Be2 Rh6 22. Bf3 Na5 23. Qc2 Nc4 24. Qd3 c6 25. Bd1 Bc8 26. Qe2 Bf5 27. Rc1 Re8
28. Rh2 Kb7 29. Qf1 Qe7 30. Bb3 Na5 31. Kb2 b5 32. Rh1 Ka8 33. Nd3 Bxd3 34. Qxd3
Rg6 35. Rh2 Reg8 36. Qf5 Kb7 37. Qh3 Rg4 38. Rc2 R8g6 39. f3 Rg3 40. Qxh4 Qxe3
41. Qd8 Nxb3 42. axb3 Qe6 43. Rh8 Rxg2 44. Rxg2 Rxg2+ 45. Ka3 Ka6 46. Re8 Qg6
47. Kb4 Qf5 48. Qa5+ Kb7 49. Re7+ Kc8 50. Qc7# 1-0

[Event "FIDE World Bl Team Final"]
[Site "London ENG"]
[Date "2025.06.15"]
[Round "3.1"]
[White "Murzin, Volodar"]
[Black "Firouzja, Alireza"]
[Result "0-1"]
[WhiteTitle "GM"]
[BlackTitle "GM"]
[WhiteElo "2666"]
[BlackElo "2766"]
[WhiteTeam "B2 Hexamind Chess Team"]
[BlackTeam "A1 WR Chess Team"]
[WhiteFideId "44155573"]
[BlackFideId "12573981"]
[EventDate "2025.06.15"]
[EventType "team-k.o. (blitz)"]

1. e4 c5 2. Nf3 d6 3. Bb5+ Nd7 4. O-O a6 5. Bd3 Ngf6 6. c3 b5 7. Bc2 Bb7 8. Re1
g6 9. d4 Bg7 10. Nbd2 O-O 11. Nf1 cxd4 12. cxd4 Rc8 13. Ng3 Nb6 14. b3 Qc7 15.
Bd3 e5 16. Bb2 exd4 17. Rc1 Qb8 18. Bxd4 Nbd7 19. Rxc8 Rxc8 20. Qa1 Re8 21. a4
Bc6 22. axb5 Bxb5 23. Bxb5 Qxb5 24. h3 Ne5 25. Bxe5 dxe5 26. Qa4 Qb7 27. Rc1 Re6
28. Rc5 Nd7 29. Rd5 Nf6 30. Rd8+ Bf8 31. Nd2 Kg7 32. Nc4 h5 33. h4 Qe7 34. Rd3
Ng4 35. Nf1 Qxh4 36. Rf3 Bc5 37. g3 Qg5 38. Qd7 Rf6 39. Rxf6 Qxf6 0-1

[Event "FIDE World Bl Team Final"]
[Site "London ENG"]
[Date "2025.06.15"]
[Round "3.1"]
[White "Dominguez Perez, Leinier"]
[Black "Vachier-Lagrave, Maxime"]
[Result "1/2-1/2"]
[WhiteTitle "GM"]
[BlackTitle "GM"]
[WhiteElo "2738"]
[BlackElo "2736"]
[WhiteTeam "B2 Hexamind Chess Team"]
[BlackTeam "A1 WR Chess Team"]
[WhiteFideId "3503240"]
[BlackFideId "623539"]
[EventDate "2025.06.15"]
[EventType "team-k.o. (blitz)"]

1. e4 c5 2. Nf3 e6 3. d4 cxd4 4. Nxd4 Nf6 5. Nc3 Nc6 6. Ndb5 d6 7. Bf4 e5 8. Bg5
a6 9. Na3 b5 10. Nd5 Be7 11. Bxf6 Bxf6 12. c3 Bg5 13. Nc2 Rb8 14. Bd3 O-O 15.
Ncb4 Nxb4 16. cxb4 Be6 17. Bc2 g6 18. O-O h5 19. Bb3 h4 20. h3 Kg7 21. a4 bxa4
22. Rxa4 Qc8 23. Qf3 Bd7 24. Raa1 Bb5 25. Rfd1 Qd7 26. Nc3 Rb6 27. Ba4 Bxa4 28.
Rxa4 Rfb8 29. Ra5 Rxb4 30. Rxa6 Be7 31. Nd5 Rb3 32. Rd3 Rxb2 33. Nxe7 Rb1+ 34.
Kh2 Qxe7 35. Raxd6 Rc1 36. Rd1 Rbb1 37. Rxc1 Rxc1 38. Rd1 Rc2 39. Kg1 Qg5 40.
Rd7 Qc1+ 41. Kh2 Qf4+ 42. Qxf4 exf4 43. f3 1/2-1/2

[Event "FIDE World Bl Team Final"]
[Site "London ENG"]
[Date "2025.06.15"]
[Round "3.1"]
[White "Hou, Yifan"]
[Black "Divya, Deshmukh"]
[Result "1-0"]
[WhiteTitle "GM"]
[BlackTitle "IM"]
[WhiteElo "2633"]
[BlackElo "2463"]
[WhiteTeam "A1 WR Chess Team"]
[BlackTeam "B2 Hexamind Chess Team"]
[WhiteFideId "8602980"]
[BlackFideId "35006916"]
[EventDate "2025.06.15"]
[EventType "team-k.o. (blitz)"]

1. e4 e6 2. d4 d5 3. Nc3 Nf6 4. e5 Nfd7 5. f4 c5 6. Nf3 Nc6 7. Be3 a6 8. Qd2 b5
9. dxc5 Bxc5 10. Bd3 Qb6 11. Bf2 h6 12. O-O Bxf2+ 13. Qxf2 Qxf2+ 14. Kxf2 g5 15.
g3 Nc5 16. Ne2 gxf4 17. gxf4 Nb4 18. Rfd1 Bb7 19. Ned4 Rc8 20. a3 Nc6 21. Rg1
Ke7 22. Nxc6+ Bxc6 23. Nd4 Bd7 24. Rg7 Rcg8 25. Rag1 Rxg7 26. Rxg7 Kf8 27. Rg3
Ke7 28. Ke3 Rb8 29. b4 Na4 30. Nb3 Rc8 31. Kd4 Kf8 32. Rh3 Kg7 33. Re3 Rc7 34.
Re1 Bc8 35. Ke3 Bb7 36. Kd4 Bc8 37. Rc1 Kf8 38. c3 Kg7 39. Rc2 Kf8 40. Nc1 Nb6
41. Ne2 Nc4 42. Bxc4 dxc4 43. Ke3 Bb7 44. Nd4 Bd5 45. Rc1 Rc8 46. a4 bxa4 47.
Ra1 Bc6 48. Nxc6 Rxc6 49. Rxa4 f6 50. Kd4 fxe5+ 51. fxe5 Kf7 52. Ra5 Kg6 53. Rc5
Rb6 54. Rxc4 Kf5 55. Rc8 Rb7 56. Rf8+ Kg4 57. Rf6 h5 58. Rxe6 h4 59. Rf6 Kh3 60.
Rf2 Rd7+ 61. Ke4 Rc7 62. e6 Rxc3 63. Rf3+ 1-0

[Event "FIDE World Bl Team Final"]
[Site "London ENG"]
[Date "2025.06.15"]
[Round "3.1"]
[White "Grischuk, Alexander"]
[Black "Abdusattorov, Nodirbek"]
[Result "1-0"]
[WhiteTitle "GM"]
[BlackTitle "GM"]
[WhiteElo "2667"]
[BlackElo "2767"]
[WhiteTeam "D2 KazChess"]
[BlackTeam "C1 Uzbekistan"]
[WhiteFideId "4126025"]
[BlackFideId "14204118"]
[EventDate "2025.06.15"]
[EventType "team-k.o. (blitz)"]

1. e4 e5 2. Nf3 Nc6 3. Bb5 a6 4. Ba4 Bc5 5. c3 Nge7 6. O-O Ng6 7. d4 Ba7 8. Bxc6
dxc6 9. Nxe5 Nxe5 10. dxe5 Qe7 11. Qf3 Qxe5 12. Bf4 Qe7 13. Qg3 O-O 14. Nd2 Bb6
15. Rfe1 Be6 16. Nf3 Rad8 17. Nd4 Bxd4 18. cxd4 f6 19. Bxc7 Rxd4 20. h4 Rd7 21.
Ba5 c5 22. Re3 Qd6 23. f4 b5 24. a3 b4 25. axb4 cxb4 26. f5 Qxg3 27. Rxg3 Bc4
28. Bxb4 Re8 29. Re1 Rd3 30. Kf2 Kf7 31. Bc3 g6 32. fxg6+ hxg6 33. Rf3 Re6 34.
Rf4 Bb5 35. g4 Ke7 36. g5 fxg5 37. hxg5 Bc6 38. Re3 Rxe3 39. Kxe3 Kd7 40. Rh4
Bb5 41. Bf6 Bc6 42. e5 Re8 43. Rd4+ Kc7 44. Rd6 Rb8 45. Bg7 Rb3+ 46. Kd4 Be8 47.
Rxa6 Rxb2 48. e6 Re2 49. Be5+ Kb7 50. Rd6 Bc6 51. Bg3 Re4+ 52. Kc5 Be8 53. Rb6+
Ka7 54. Bb8+ Ka8 55. Kd5 Rg4 56. Be5 Rxg5 57. Rb8+ Ka7 58. Rxe8 Rg2 59. e7 Rd2+
60. Ke6 1-0

[Event "FIDE World Bl Team Final"]
[Site "London ENG"]
[Date "2025.06.15"]
[Round "3.1"]
[White "Sindarov, Javokhir"]
[Black "Rapport, Richard"]
[Result "1/2-1/2"]
[WhiteTitle "GM"]
[BlackTitle "GM"]
[WhiteElo "2710"]
[BlackElo "2714"]
[WhiteTeam "C1 Uzbekistan"]
[BlackTeam "D2 KazChess"]
[WhiteFideId "14205483"]
[BlackFideId "738590"]
[EventDate "2025.06.15"]
[EventType "team-k.o. (blitz)"]

1. e4 Nf6 2. e5 Nd5 3. d4 d6 4. c4 Nb6 5. exd6 exd6 6. Nc3 Nc6 7. Be3 Be7 8. Bd3
O-O 9. Nge2 Re8 10. O-O Bg4 11. Qd2 Bf6 12. b3 d5 13. c5 Nc8 14. a3 N8e7 15. b4
Nf5 16. Bc2 Bxe2 17. Nxe2 Qd7 18. b5 Nd8 19. a4 c6 20. Ng3 Nxe3 21. fxe3 Bg5 22.
Nf5 Qxf5 23. Bxf5 Bxe3+ 24. Qxe3 Rxe3 25. Rfe1 Rxe1+ 26. Rxe1 Ne6 27. Bxe6 Re8
28. Bxf7+ Kxf7 29. Rxe8 1/2-1/2

[Event "FIDE World Bl Team Final"]
[Site "London ENG"]
[Date "2025.06.15"]
[Round "3.1"]
[White "Esipenko, Andrey"]
[Black "Yakubboev, Nodirbek"]
[Result "1/2-1/2"]
[WhiteTitle "GM"]
[BlackTitle "GM"]
[WhiteElo "2689"]
[BlackElo "2659"]
[WhiteTeam "D2 KazChess"]
[BlackTeam "C1 Uzbekistan"]
[WhiteFideId "24175439"]
[BlackFideId "14203987"]
[EventDate "2025.06.15"]
[EventType "team-k.o. (blitz)"]

1. e4 e5 2. Nf3 Nc6 3. Bb5 Nf6 4. d3 Bc5 5. Bxc6 dxc6 6. a3 a5 7. Bd2 O-O 8. Bc3
Ng4 9. O-O f6 10. Nbd2 Be6 11. a4 b6 12. b3 Qe8 13. h3 Nh6 14. Nh2 Nf7 15. Kh1
Rd8 16. Qe2 Bc8 17. Ng4 Ng5 18. Ne3 Ne6 19. Kh2 Nf4 20. Qf3 Qh5 21. Qxh5 Nxh5
22. g3 g6 23. Rae1 Rde8 24. Kg2 Ng7 25. f4 exf4 26. gxf4 f5 27. Be5 Rf7 28. Nf3
h6 29. exf5 Nxf5 30. Nxf5 Bxf5 31. Nh4 Kh7 32. Nxf5 gxf5 33. Kf3 Rg8 34. Re2 Re7
35. Rg2 Rxg2 36. Kxg2 Bd6 37. Re1 c5 38. Kf3 Kg6 39. Rg1+ Kh7 40. Bc3 Rf7 41. h4
Be7 42. h5 Bf6 43. Bxf6 Rxf6 44. Re1 Rf7 45. Re6 Kg7 46. Rg6+ Kh7 47. Ke3 Re7+
48. Kd2 Rd7 49. Rf6 Kg7 50. Rxf5 Re7 51. Re5 Rd7 52. Ke3 Kf6 53. Re8 Rd5 54. Rc8
Rxh5 55. Rxc7 Rh2 56. Rc6+ Kf5 57. Rxb6 h5 58. Ra6 Rxc2 59. Rxa5 h4 60. Ra8 h3
61. Kf3 h2 62. Rf8+ Ke6 63. Rh8 Rb2 64. Ke3 Rxb3 65. Rxh2 Ra3 66. Rh6+ Kd5 67.
Rh5+ Kd6 68. Rh6+ Kd5 69. Rh5+ Kd6 70. Rh6+ Kd5 71. Rh5+ Kd6 1/2-1/2

[Event "FIDE World Bl Team Final"]
[Site "London ENG"]
[Date "2025.06.15"]
[Round "3.1"]
[White "Vokhidov, Shamsiddin"]
[Black "Ansat, Aldiyar"]
[Result "1-0"]
[WhiteTitle "GM"]
[BlackTitle "IM"]
[WhiteElo "2644"]
[BlackElo "2489"]
[WhiteTeam "C1 Uzbekistan"]
[BlackTeam "D2 KazChess"]
[WhiteFideId "14204223"]
[BlackFideId "13715658"]
[EventDate "2025.06.15"]
[EventType "team-k.o. (blitz)"]

1. e4 c5 2. Nf3 Nc6 3. d4 cxd4 4. Nxd4 Nf6 5. Nc3 e5 6. Ndb5 d6 7. Bg5 a6 8. Na3
b5 9. Bxf6 gxf6 10. Nd5 Bg7 11. c3 f5 12. g3 fxe4 13. Bg2 Be6 14. Bxe4 Rc8 15.
Nc2 O-O 16. O-O f5 17. Bg2 Ne7 18. Ncb4 a5 19. Nxe7+ Qxe7 20. Nd5 Qf7 21. Qd2
Kh8 22. a4 Rc5 23. Rfd1 bxa4 24. Nb6 d5 25. Bxd5 Bxd5 26. Nxd5 Rd8 27. c4 Rxc4
28. Qxa5 Qf8 29. Ne3 Rxd1+ 30. Rxd1 Rc8 31. Qxa4 f4 32. Nd5 Rb8 33. Qc2 Qf7 34.
b4 h6 35. Qe4 Rf8 36. Rd2 Qb7 37. Rb2 Rd8 38. Rd2 Ra8 39. Kg2 Rf8 40. f3 Qb8 41.
Ne7 Rf7 42. Nc6 Qc7 43. Rd8+ Rf8 44. Rxf8+ Bxf8 45. Nxe5 fxg3 46. hxg3 Bxb4 47.
Ng6+ Kg7 48. Nf4 Qd6 49. Nh5+ Kf8 50. Qf5+ Ke7 51. Nf4 Bd2 52. Ng6+ Kd8 53. Ne5
Kc7 54. Nc4 Qd4 55. Ne5 Bg5 56. f4 Qd5+ 57. Kh2 Be7 58. Qc2+ Kd8 59. Qe2 Qe6 1-0

[Event "FIDE World Bl Team Final"]
[Site "London ENG"]
[Date "2025.06.15"]
[Round "3.1"]
[White "Kamalidenova, Meruert"]
[Black "Khamdamova, Afruza"]
[Result "1-0"]
[WhiteTitle "IM"]
[BlackTitle "WIM"]
[WhiteElo "2330"]
[BlackElo "2326"]
[WhiteTeam "D2 KazChess"]
[BlackTeam "C1 Uzbekistan"]
[WhiteFideId "13712802"]
[BlackFideId "14210444"]
[EventDate "2025.06.15"]
[EventType "team-k.o. (blitz)"]

1. e4 e5 2. Nf3 Nc6 3. Bb5 a6 4. Ba4 Nf6 5. O-O Be7 6. Bxc6 dxc6 7. Re1 Nd7 8.
d4 exd4 9. Qxd4 O-O 10. Bf4 Nc5 11. Qe3 Ne6 12. Bg3 Bc5 13. Qc3 Qe7 14. Nbd2 Bd7
15. a3 a5 16. Nc4 a4 17. h4 h6 18. Nce5 Rad8 19. Rad1 Bc8 20. Nd3 Bb6 21. Qc4
Nd4 22. Nxd4 Rxd4 23. Qc3 Bg4 24. Rc1 Be6 25. Ne5 Rfd8 26. Qf3 Ba5 27. Red1 Qc5
28. Nd3 Qc4 29. Ne5 Rxd1+ 30. Rxd1 Rxd1+ 31. Qxd1 Qxe4 32. Nd3 Bb6 33. Kh2 Bd4
34. Nf4 Be5 35. Nxe6 fxe6 36. Qd8+ Kh7 37. c3 Qxh4+ 38. Qxh4 1-0

[Event "FIDE World Bl Team Final"]
[Site "London ENG"]
[Date "2025.06.15"]
[Round "3.1"]
[White "Imomkuzieva, Nilufarkhon"]
[Black "Aiten, Islam"]
[Result "1-0"]
[WhiteTitle "WFM"]
[WhiteElo "2066"]
[BlackElo "1950"]
[WhiteTeam "C1 Uzbekistan"]
[BlackTeam "D2 KazChess"]
[WhiteFideId "14216736"]
[BlackFideId "13749420"]
[EventDate "2025.06.15"]
[EventType "team-k.o. (blitz)"]

1. e4 e5 2. Nf3 Nc6 3. Bc4 Nf6 4. d3 h6 5. O-O d6 6. a4 g5 7. Re1 Bg7 8. Nc3 O-O
9. Nd5 Nxd5 10. Bxd5 Ne7 11. Bc4 Ng6 12. b4 c6 13. Nd2 d5 14. Bb3 Be6 15. Nf1 f5
16. Bb2 fxe4 17. dxe4 Qb6 18. Ne3 Rad8 19. a5 Qc7 20. exd5 Bf7 21. c4 Qc8 22.
Qc2 cxd5 23. Nxd5 Qg4 24. Ne3 Qe6 25. Ba2 Qc6 26. c5 Bxa2 27. Rxa2 Nf4 28. Raa1
Kh8 29. Rad1 Qf6 30. Rxd8 Rxd8 31. Rd1 Rf8 32. Rd6 Qf7 33. h3 Qh5 34. Qd1 Qh4
35. Rd2 h5 36. Qa1 g4 37. Bxe5 Bxe5 38. Qxe5+ Kg8 39. hxg4 hxg4 40. Nf5 Qh7 41.
Ne7+ Kf7 42. Qxf4+ Kxe7 43. Qc7+ 1-0

[Event "FIDE World Bl Team Final"]
[Site "London ENG"]
[Date "2025.06.15"]
[Round "3.2"]
[White "Aronian, Levon"]
[Black "Nepomniachtchi, Ian"]
[Result "1-0"]
[WhiteTitle "GM"]
[BlackTitle "GM"]
[WhiteElo "2742"]
[BlackElo "2757"]
[WhiteTeam "B2 Hexamind Chess Team"]
[BlackTeam "A1 WR Chess Team"]
[WhiteFideId "13300474"]
[BlackFideId "4168119"]
[EventDate "2025.06.15"]
[EventType "team-k.o. (blitz)"]

1. e4 e5 2. Nf3 Nf6 3. Nxe5 d6 4. Nf3 Nxe4 5. d4 d5 6. Bd3 Nc6 7. O-O Be7 8. Re1
Bg4 9. c3 f5 10. Nbd2 O-O 11. Qb3 Na5 12. Qb5 c6 13. Qa4 b5 14. Qc2 Bd6 15. b3
Qf6 16. Ne5 Bh5 17. f3 Bxe5 18. dxe5 Qh4 19. Rf1 Nxd2 20. Qxd2 Bg6 21. Ba3 Rfe8
22. f4 Nb7 23. Bxb5 cxb5 24. Qxd5+ Bf7 25. Qxb7 Rac8 26. Qf3 h6 27. Bd6 Kh7 28.
Rae1 a5 29. Re3 a4 30. Qb7 Be6 31. Rg3 Rg8 32. Qxb5 axb3 33. axb3 Ra8 34. c4 Qh5
35. Qb7 Qe2 36. Qf3 Qc2 37. Qh5 g6 38. Qd1 Qe4 39. Qf3 Qc2 40. Qb7+ Kh8 41. Be7 1-0

[Event "FIDE World Bl Team Final"]
[Site "London ENG"]
[Date "2025.06.15"]
[Round "3.2"]
[White "Firouzja, Alireza"]
[Black "Murzin, Volodar"]
[Result "1/2-1/2"]
[WhiteTitle "GM"]
[BlackTitle "GM"]
[WhiteElo "2766"]
[BlackElo "2666"]
[WhiteTeam "A1 WR Chess Team"]
[BlackTeam "B2 Hexamind Chess Team"]
[WhiteFideId "12573981"]
[BlackFideId "44155573"]
[EventDate "2025.06.15"]
[EventType "team-k.o. (blitz)"]

1. e4 e5 2. Nf3 Nc6 3. Bb5 Nf6 4. d3 Ne7 5. O-O c6 6. Bc4 Ng6 7. Nc3 Be7 8. h3
O-O 9. a4 h6 10. Re1 d6 11. Bd2 Nh7 12. d4 Ng5 13. Be3 Nxf3+ 14. Qxf3 exd4 15.
Bxd4 Ne5 16. Bxe5 dxe5 17. Rad1 Qc7 18. Rd3 Bc5 19. Nd1 Qa5 20. c3 Qxa4 21. b3
Qa3 22. Qh5 b5 23. Rg3 bxc4 24. Qxh6 g6 25. Ne3 Bxe3 26. Rxg6+ fxg6 27. Qxg6+
Kh8 28. Rxe3 Qc1+ 29. Kh2 Qxe3 30. fxe3 cxb3 31. Qh6+ Kg8 32. Qg6+ Kh8 33. Qh6+
Kg8 1/2-1/2

[Event "FIDE World Bl Team Final"]
[Site "London ENG"]
[Date "2025.06.15"]
[Round "3.2"]
[White "Vachier-Lagrave, Maxime"]
[Black "Dominguez Perez, Leinier"]
[Result "1-0"]
[WhiteTitle "GM"]
[BlackTitle "GM"]
[WhiteElo "2736"]
[BlackElo "2738"]
[WhiteTeam "A1 WR Chess Team"]
[BlackTeam "B2 Hexamind Chess Team"]
[WhiteFideId "623539"]
[BlackFideId "3503240"]
[EventDate "2025.06.15"]
[EventType "team-k.o. (blitz)"]

1. e4 c5 2. Nf3 d6 3. d4 cxd4 4. Nxd4 Nf6 5. Nc3 a6 6. g3 e5 7. Nb3 Be7 8. Bg5
Be6 9. Bxf6 Bxf6 10. Nd5 Nd7 11. Qd3 Be7 12. O-O-O Bxd5 13. Qxd5 Qc7 14. Kb1 O-O
15. h4 Nf6 16. Qd3 Rfd8 17. Bg2 b5 18. Nd2 Rac8 19. c3 Qb6 20. Rhf1 a5 21. f4 h5
22. Bh3 Rc5 23. Nf3 b4 24. c4 a4 25. Ng5 b3 26. a3 Qc6 27. fxe5 Rxe5 28. Rf5
Rxf5 29. Bxf5 Qc5 30. Bh3 Re8 31. Rf1 Bd8 32. Rf5 Re5 33. Rf1 Qc6 34. Rd1 Nxe4
35. Bg2 Nc3+ 36. Ka1 Qxg2 37. Qh7+ Kf8 38. Qh8+ Ke7 39. Qxg7 Qf2 40. Rc1 Ne4 41.
Nh7 Kd7 42. Nf8+ Kc8 43. Qh7 Qd2 44. Rb1 Nc3 45. Qxf7 Re7 46. Qf5+ Kb8 47. Nd7+
Rxd7 48. Qxd7 Bc7 49. Rf1 Kb7 50. c5 Nd1 51. Qb5+ Ka7 52. Qxa4+ Ba5 53. Rf7+ Ka6
54. Qc4# 1-0

[Event "FIDE World Bl Team Final"]
[Site "London ENG"]
[Date "2025.06.15"]
[Round "3.2"]
[White "Divya, Deshmukh"]
[Black "Hou, Yifan"]
[Result "1-0"]
[WhiteTitle "IM"]
[BlackTitle "GM"]
[WhiteElo "2463"]
[BlackElo "2633"]
[WhiteTeam "B2 Hexamind Chess Team"]
[BlackTeam "A1 WR Chess Team"]
[WhiteFideId "35006916"]
[BlackFideId "8602980"]
[EventDate "2025.06.15"]
[EventType "team-k.o. (blitz)"]

1. e4 c5 2. Nf3 e6 3. d4 cxd4 4. Nxd4 a6 5. Bd3 Nf6 6. O-O Qc7 7. c4 Nc6 8. Be3
Nxd4 9. Bxd4 Bc5 10. Bc3 d6 11. Nd2 e5 12. h3 O-O 13. Kh1 Qb6 14. f4 Bd4 15. c5
dxc5 16. Nc4 Qc7 17. Nxe5 Bxc3 18. bxc3 Re8 19. Qf3 Rxe5 20. fxe5 Qxe5 21. Bc4
Bd7 22. Bd5 Rb8 23. Rad1 Ba4 24. Rd2 h6 25. Rb2 b6 26. Rd2 Be8 27. Qf4 Qxf4 28.
Rxf4 Nd7 29. Bxf7+ Bxf7 30. Rxd7 Bxa2 31. Ra7 a5 32. Rg4 Bf7 33. e5 Re8 34. Rb7
Rxe5 35. Rxb6 Re3 36. Rb8+ Kh7 37. Rb7 Kg8 38. c4 Rc3 39. Ra7 Rxc4 40. Rxc4 Bxc4
41. Rxa5 Be6 42. Rxc5 Kf7 43. Kg1 Kg8 44. Kf2 Bf7 45. Kf3 Be6 46. Kf4 Bf7 47.
Kf5 Kh7 48. Rc7 Bd5 49. Rc2 Kg8 50. Ke5 Bf7 51. g4 Kh7 52. h4 Bg6 53. Rc7 Bd3
54. Rc3 Be2 55. Kf5 Bb5 56. Rc7 Bd3+ 57. Kf4 Be2 58. Ra7 Bd1 59. Ra1 Bc2 60. Rc1
Bb3 61. Rc3 Be6 62. g5 hxg5+ 63. Kxg5 Bd5 64. Rc7 Be4 65. Re7 Bd3 66. Rd7 Be4
67. Kf4 Bg6 68. Ke5 Kh6 69. Rd8 Kh5 70. Rh8+ Kg4 71. Rg8 Kxh4 72. Rxg7 Kh5 73.
Kf6 Bd3 74. Rg3 Kh4 1-0

[Event "FIDE World Bl Team Final"]
[Site "London ENG"]
[Date "2025.06.15"]
[Round "3.2"]
[White "Abdusattorov, Nodirbek"]
[Black "Grischuk, Alexander"]
[Result "1-0"]
[WhiteTitle "GM"]
[BlackTitle "GM"]
[WhiteElo "2767"]
[BlackElo "2667"]
[WhiteTeam "C1 Uzbekistan"]
[BlackTeam "D2 KazChess"]
[WhiteFideId "14204118"]
[BlackFideId "4126025"]
[EventDate "2025.06.15"]
[EventType "team-k.o. (blitz)"]

1. e4 e5 2. Nf3 Nc6 3. Bc4 Bc5 4. d3 Nf6 5. c3 a6 6. Bg5 h6 7. Bh4 d6 8. Nbd2
Ba7 9. O-O Qe7 10. b4 Be6 11. Re1 g5 12. Bg3 h5 13. h4 g4 14. Nh2 d5 15. exd5
Nxd5 16. Bxd5 Bxd5 17. a4 f6 18. b5 Na5 19. d4 O-O-O 20. bxa6 bxa6 21. Nhf1 Bb7
22. Rb1 Qe6 23. Ne3 exd4 24. cxd4 Rxd4 25. Qc2 Qc6 26. Qf5+ Qd7 27. Qxa5 Rxd2
28. Rec1 Bb8 29. Qb6 c6 30. Rxc6+ Qxc6 31. Qxc6+ 1-0